Autoorganika a ekonómia. Všeobecná teória autoorganizácie v ekonomických systémoch

Kniha J. Zapletala "Autoorganika a ekonómia" je originálnym dielom, v ktorom autor po novom pristupuje k vysvetleniu podstaty existencie a fungovania ekonomických subjektov a navrhuje novú vedu autoorganiku. Recenzovaná publikácia obohacuje poznatkovú základňu ekonómie.

Na minha lista:
Detalhes bibliográficos
Autor principal: Sedlák, Mikuláš
Outros Autores: Zapletal, Jaroslav
Formato: Capítulo de Livro
Idioma:eslovaco
Assuntos:
Tags: Adicionar Tag
Sem tags, seja o primeiro a adicionar uma tag!

MARC

LEADER 00000naa a2200000 4500
001 r025008
005 20230918074153.2
041 0 |a slo 
044 |a SK 
245 1 0 |a Autoorganika a ekonómia. Všeobecná teória autoorganizácie v ekonomických systémoch  |c Mikuláš Sedlák, Jaroslav Zapletal 
520 |a Kniha J. Zapletala "Autoorganika a ekonómia" je originálnym dielom, v ktorom autor po novom pristupuje k vysvetleniu podstaty existencie a fungovania ekonomických subjektov a navrhuje novú vedu autoorganiku. Recenzovaná publikácia obohacuje poznatkovú základňu ekonómie. 
610 2 0 |a recenzie 
610 2 0 |a vedy prírodné 
610 2 0 |a metodológia 
610 2 0 |a veda ekonomická 
610 2 0 |a systémy ekonomické 
610 2 0 |a kybernetika 
610 2 0 |a ekonómia 
610 2 0 |a subjekt 
100 1 |a Sedlák, Mikuláš 
700 1 |a Zapletal, Jaroslav